French all-in-one for dummies / (Record no. 12313)
[ view plain ]
| 000 -LEADER | |
|---|---|
| fixed length control field | 01310nam a2200337 a 4500 |
| 001 - CONTROL NUMBER | |
| JCCL Control Number | 12313 |
| 003 - CONTROL NUMBER IDENTIFIER | |
| JCCL marc code | BD-JhCC |
| 005 - DATE AND TIME OF LATEST TRANSACTION | |
| control field | 20211021085039.0 |
| 008 - FIXED-LENGTH DATA ELEMENTS--GENERAL INFORMATION | |
| fixed length control field | 120822s2012 njua 001 0 eng d |
| 020 ## - INTERNATIONAL STANDARD BOOK NUMBER | |
| International Standard Book Number | 9781118228159 (pbk.) |
| 020 ## - INTERNATIONAL STANDARD BOOK NUMBER | |
| International Standard Book Number | 1118228154 (pbk.) |
| 035 ## - SYSTEM CONTROL NUMBER | |
| system control number | (BD-JhCC)12313 |
| 040 ## - CATALOGING SOURCE | |
| Original cataloging agency | UKMGB |
| Transcribing agency | UKMGB |
| Modifying agency | BKX |
| -- | IUK |
| -- | BTCTA |
| -- | BDX |
| -- | CCE |
| -- | DLC |
| -- | BD-JhCC |
| 041 0# - LANGUAGE CODE | |
| Language code of Book | eng |
| -- | fre |
| 050 00 - LIBRARY OF CONGRESS CALL NUMBER | |
| Classification number | PC2129.E5 |
| Item number | F745 2012 |
| 082 04 - DEWEY DECIMAL CLASSIFICATION NUMBER | |
| Classification number | 448.3/421 |
| DDC Edition number | 23 |
| Author mark and Year | FRE 2012. |
| 245 00 - TITLE STATEMENT | |
| Title | French all-in-one for dummies / |
| Statement of responsibility, etc | by Eliane Kurbegov ... [et al.]. |
| 260 ## - PUBLICATION, DISTRIBUTION, ETC. (IMPRINT) | |
| Place of publication, distribution, etc | Hoboken, NJ : |
| Name of publisher, distributor, etc | John Wiley & Sons, |
| Date of publication, distribution, etc | c2012. |
| 300 ## - PHYSICAL DESCRIPTION | |
| Pagination | xx, 695 p. : |
| Other physical details | ill. ; |
| Dimensions | 24 cm. + |
| Accompanying material | 1 sound disc (digital ; 4 3/4 in.) |
| 490 1# - SERIES STATEMENT | |
| Series statement | --For dummies |
| 500 ## - GENERAL NOTE | |
| General note | Includes compact disc. |
| 500 ## - GENERAL NOTE | |
| General note | Includes index. |
| 505 0# - FORMATTED CONTENTS NOTE | |
| Formatted contents note | French for dummies -- Intermediate French for dummies -- French verbs for dummies -- French essentials for dummies -- French phrases for dummies -- French for dummies audio set. |
| 650 #0 - SUBJECT ADDED ENTRY--TOPICAL TERM | |
| Topical term or geographic name as entry element | French language |
| Form subdivision | Textbooks for foreign speakers |
| General subdivision | English. |
| 650 #0 - SUBJECT ADDED ENTRY--TOPICAL TERM | |
| Topical term or geographic name as entry element | French language |
| Form subdivision | Sound recordings for English speakers. |
| 650 #0 - SUBJECT ADDED ENTRY--TOPICAL TERM | |
| Topical term or geographic name as entry element | French language |
| Form subdivision | Self-instruction. |
| 650 #0 - SUBJECT ADDED ENTRY--TOPICAL TERM | |
| Topical term or geographic name as entry element | French language |
| General subdivision | Dialects |
| Geographic subdivision | Canada. |
| 700 1# - ADDED ENTRY--PERSONAL NAME | |
| Personal name | Kurbegov, Eliane. |
| 830 #0 - SERIES ADDED ENTRY--UNIFORM TITLE | |
| Uniform title | --For dummies. |
| 942 ## - ADDED ENTRY ELEMENTS (KOHA) | |
| Source of classification or shelving scheme | Dewey Decimal Classification |
| Koha item type | Books |
| Source of classification or shelving scheme | Damaged status | Not for loan | Home library | Current library | Shelving location | Date of accession | Total Checkouts | Full call number | Barcode | Date last seen | Date checked out | Copy number | Koha item type |
|---|---|---|---|---|---|---|---|---|---|---|---|---|---|
| Dewey Decimal Classification | JCC Rouf Library | JCC Rouf Library | General Stacks | 04/03/2021 | 4 | 448.3/421 FRE 2012. | 16637 | 12/17/2024 | 12/10/2024 | C-1 | Books |